| 000 | 01220cam a22003011 4500 | ||
|---|---|---|---|
| 001 | gs 21000186 | ||
| 003 | DLC | ||
| 005 | 20260227111325.0 | ||
| 007 | cr_||||||||||| | ||
| 008 | 841001s1921 dcuabf f000 0 eng c | ||
| 010 | _ags 21000186 | ||
| 035 | _a(OCoLC)11216104 | ||
| 040 |
_aU.S. Geol. survey. Library _cCLS _dDLC |
||
| 050 | 0 | 0 |
_aTC801 _b.U2 no. 466 |
| 051 |
_aGB1025.C8 _bP34 |
||
| 100 | 1 |
_aPalmer, Harold S. _q(Harold Schjoth), _d1890- |
|
| 245 | 1 | 0 |
_aGround water in the Southington-Granby area, Connecticut, _cby Harold S. Palmer ... |
| 260 |
_aWashington, _bGovt. Print. Off., _c1921. |
||
| 300 |
_a219 p. _billus., VII pl. (incl. 3 fold. maps) tables, diagrs. _c23 cm. |
||
| 490 | 0 |
_aU.S. Geological survey. Water-supply paper _v466 |
|
| 500 | _aMany of the plates printed on both sides of leaf. | ||
| 500 | _aTwo maps folded in pocket. | ||
| 500 | _aPrepared in cooperation with the Connecticut geological and natural history survey. | ||
| 530 | _aAlso available in digital form on the Internet Archive Web site. | ||
| 650 | 0 |
_aWater-supply _zConnecticut. |
|
| 710 | 2 | _aState Geological and Natural History Survey of Connecticut. | |
| 856 | 4 | 1 | _uhttp://hdl.loc.gov/loc.gdc/scd0001.00199536655 |
| 999 |
_c26089 _d26089 |
||